Java structures : (Record no. 188257)

000 -LEADER
fixed length control field 01014 a2200205 4500
003 - CONTROL NUMBER IDENTIFIER
control field Nust
005 - DATE AND TIME OF LATEST TRANSACTION
control field 20220722150407.0
010 ## - LIBRARY OF CONGRESS CONTROL NUMBER
LC control number 98018625
020 ## - INTERNATIONAL STANDARD BOOK NUMBER
International Standard Book Number 0072891793
040 ## - CATALOGING SOURCE
Transcribing agency Nust
082 00 - DEWEY DECIMAL CLASSIFICATION NUMBER
Classification number 005.133,BAI
100 1# - MAIN ENTRY--PERSONAL NAME
Personal name Bailey, Duane A.
245 10 - TITLE STATEMENT
Title Java structures :
Remainder of title data structures in Java for the principled programmer /
Statement of responsibility, etc. Duane A. Bailey.
260 ## - PUBLICATION, DISTRIBUTION, ETC.
Place of publication, distribution, etc. Boston :
Name of publisher, distributor, etc. WCB McGraw-Hill,
Date of publication, distribution, etc. c1999.
300 ## - PHYSICAL DESCRIPTION
Extent xiii, 369 p. :
Other physical details ill. ;
Dimensions 25 cm.
505 ## - FORMATTED CONTENTS NOTE
Formatted contents note Introduction (Page-1), The Object-oriented Method (Page-5), Comments, Conditions and Assertions (Page-25), Vectors (Page-31), Design Fundamentals (Page-49), Sorting (Page-77), Lists (Page-99), Linear Structures (Page-127), Iterators ( Page-155), Ordered Structures (Page-167), Trees (Page-187), Priority Queues, (Page-223), Search Trees (Page-249), Dictionaries (Page-267), Graphs (Page-293), A Sip of Java (Page-329).
650 #0 - SUBJECT ADDED ENTRY--TOPICAL TERM
Topical term or geographic name entry element Data structures (Computer science)
650 #0 - SUBJECT ADDED ENTRY--TOPICAL TERM
Topical term or geographic name entry element Java (Computer program language)
9 (RLIN) 8017
942 ## - ADDED ENTRY ELEMENTS (KOHA)
Koha item type Reference
Source of classification or shelving scheme
Holdings
Withdrawn status Lost status Source of classification or shelving scheme Damaged status Not for loan Permanent Location Current Location Shelving location Date acquired Full call number Barcode Date last seen Price effective from Koha item type Public note
          Military College of Signals (MCS) Military College of Signals (MCS) Reference 12/12/2016 005.133,BAI MCS27331 12/08/2016 12/12/2016 Book Almirah No.17, Shelf No.6
© 2023 Central Library, National University of Sciences and Technology. All Rights Reserved.